000 00771nam a2200253Ia 4500
003 OSt
005 20221005074627.0
006 a|||||r|||| 00| 0
007 ta
008 221004b |||||||| |||| 00| 0 eng d
020 _a9788173048463 (hbk)
_c700
024 _a99630
037 _b1942, 18/02/2010, Pioneer Books Distributors
_cTextual
040 _aCRL
_cCRL
_beng
041 _2eng
_aeng
082 _aV2:51yM65x, P3.13
100 _aNanda B.R. Ed.
245 0 _aCollected works of Lala Lajpat Rai
260 _aNew Delhi
_bManohar India
_c2010
300 _axxii,463p.
_ccm.
650 _aHISTORY
942 _hV2:51yM65x, P3.13
_cTEXL
_2cc
999 _c983051
_d983051